<?xml version="1.0" encoding="UTF-8"?>
<record
    xmlns:xsi="http://www.w3.org/2001/XMLSchema-instance"
    xsi:schemaLocation="http://www.loc.gov/MARC21/slim http://www.loc.gov/standards/marcxml/schema/MARC21slim.xsd"
    xmlns="http://www.loc.gov/MARC21/slim">

  <leader>00957    a2200193   4500</leader>
  <controlfield tag="001">142024</controlfield>
  <datafield tag="040" ind1=" " ind2=" ">
    <subfield code="c">Leonardo Da Vinci</subfield>
  </datafield>
  <datafield tag="041" ind1=" " ind2=" ">
    <subfield code="a">Portugu&#xEA;s</subfield>
  </datafield>
  <datafield tag="082" ind1=" " ind2=" ">
    <subfield code="a">r981 C163h</subfield>
    <subfield code="b">C163h</subfield>
  </datafield>
  <datafield tag="100" ind1=" " ind2=" ">
    <subfield code="a">CALMON, Pedro</subfield>
  </datafield>
  <datafield tag="245" ind1=" " ind2=" ">
    <subfield code="a">Hist&#xF3;ria do Brasil</subfield>
    <subfield code="b">s&#xE9;culo XVI; as origens</subfield>
  </datafield>
  <datafield tag="250" ind1=" " ind2=" ">
    <subfield code="a">v.1</subfield>
  </datafield>
  <datafield tag="260" ind1=" " ind2=" ">
    <subfield code="b">Jos&#xE9; Olympio</subfield>
    <subfield code="c">1959</subfield>
    <subfield code="a">Rio de Janeiro</subfield>
  </datafield>
  <datafield tag="300" ind1=" " ind2=" ">
    <subfield code="a">321</subfield>
  </datafield>
  <datafield tag="362" ind1=" " ind2=" ">
    <subfield code="a">19590000</subfield>
  </datafield>
  <datafield tag="500" ind1=" " ind2=" ">
    <subfield code="a">com 940 ilustra&#xE7;&#xF5;es</subfield>
  </datafield>
  <datafield tag="697" ind1=" " ind2=" ">
    <subfield code="a">Refer&#xEA;ncia</subfield>
    <subfield code="a">Curiosidades</subfield>
    <subfield code="a">Biografia</subfield>
    <subfield code="a">Hist&#xF3;ria</subfield>
    <subfield code="a">S&#xE9;culo XVI</subfield>
    <subfield code="a">Povo portugu&#xEA;s</subfield>
    <subfield code="a">Romanos</subfield>
    <subfield code="a">Godos</subfield>
    <subfield code="a">&#xC1;rabes</subfield>
    <subfield code="a">Europa</subfield>
    <subfield code="a">Idade M&#xE9;dia</subfield>
    <subfield code="a">&#xCD;ndia</subfield>
    <subfield code="a">Am&#xE9;rica</subfield>
    <subfield code="a">Frota de 1500</subfield>
    <subfield code="a">Cabral</subfield>
    <subfield code="a">Brasil</subfield>
    <subfield code="a">Carta de Pero Vaz de Caminha</subfield>
    <subfield code="a">Terra do Pau de Tingir</subfield>
    <subfield code="a">Portugal</subfield>
    <subfield code="a">Epop&#xE9;ia da &#xCD;ndia</subfield>
    <subfield code="a">Cors&#xE1;rio de Fran&#xE7;a</subfield>
    <subfield code="a">Capitanias</subfield>
    <subfield code="a">Caramuru</subfield>
    <subfield code="a">Coloniza&#xE7;&#xE3;o</subfield>
    <subfield code="a">Donat&#xE1;rios</subfield>
    <subfield code="a">Guerra do Iguape</subfield>
    <subfield code="a">Hans Staden</subfield>
    <subfield code="a">Igreja</subfield>
    <subfield code="a">Fam&#xED;lia</subfield>
    <subfield code="a">Governo de D. Duarte</subfield>
    <subfield code="a">Governo de Mem de S&#xE1;</subfield>
    <subfield code="a">Rio de Janeiro</subfield>
    <subfield code="a">Pernambuco dos Albuquerques</subfield>
    <subfield code="a">Governo sertanista</subfield>
    <subfield code="a">Lu&#xED;s de Brito</subfield>
  </datafield>
  <datafield tag="942" ind1=" " ind2=" ">
    <subfield code="c">BK</subfield>
  </datafield>
  <datafield tag="952" ind1=" " ind2=" ">
    <subfield code="0">0</subfield>
    <subfield code="1">0</subfield>
    <subfield code="4">0</subfield>
    <subfield code="7">0</subfield>
    <subfield code="a">71.1</subfield>
    <subfield code="b">71.1</subfield>
    <subfield code="d">2024-03-27</subfield>
    <subfield code="l">0</subfield>
    <subfield code="o">r981 C163h</subfield>
    <subfield code="p">O009344</subfield>
    <subfield code="r">2024-03-27 22:46:36</subfield>
    <subfield code="w">2024-03-27</subfield>
    <subfield code="y">BK</subfield>
  </datafield>
  <datafield tag="999" ind1=" " ind2=" ">
    <subfield code="c">142024</subfield>
    <subfield code="d">142024</subfield>
  </datafield>
</record>
